[Event "PHI-ch U20"]
[Site "San Antonio"]
[Date "2014.04.24"]
[Round "7"]
[White "Aquino, Prince Mark"]
[Black "Nazario, Marc Christian"]
[Result "1/2-1/2"]
[WhiteElo "2195"]
[BlackElo "2139"]
[PlyCount "64"]
[EventDate "2014.04.21"]
[EventType "swiss"]
[EventRounds "11"]
[EventCountry "PHI"]
[SourceTitle "CBM 160 Extra"]
[Source "ChessBase"]
[SourceDate "2014.07.01"]
[SourceVersion "1"]
[SourceVersionDate "2014.07.01"]
[SourceQuality "1"]

1. c4 Nf6 2. Nc3 c6 3. d4 d5 4. Nf3 dxc4 5. a4 Bf5 6. e3 e6 7. Bxc4 Bb4 8. Qb3 Qb6 9. 0-0 0-0 10. Bd2 Nbd7 11. Rfe1 Bg6 12. h3 h6 13. Rec1 a5 14. Ne2 Be7 15. Qxb6 Nxb6 16. Ne5 Nxc4 17. Nxc4 Bd3 18. Nf4 Bxc4 19. Rxc4 Ra6 20. Nd3 Nd7 21. Kf1 Bd6 22. Ke2 Re8 23. f4 f6 24. f5 Bf8 25. g4 Nb6 26. Rc2 Kf7 27. b3 Rd8 28. Bc3 Nd5 29. Bd2 Nb6 30. Bc3 Nd5 31. Bd2 Nb6 32. Bc3 Nd5 1/2-1/2

[Event "PHI-ch U20"]
[Site "San Antonio"]
[Date "2014.04.22"]
[Round "2"]
[White "Castro, Jose Carlo"]
[Black "Aquino, Prince Mark"]
[Result "1/2-1/2"]
[WhiteElo "1994"]
[BlackElo "2195"]
[PlyCount "57"]
[EventDate "2014.04.21"]
[EventType "swiss"]
[EventRounds "11"]
[EventCountry "PHI"]
[SourceTitle "CBM 160 Extra"]
[Source "ChessBase"]
[SourceDate "2014.07.01"]
[SourceVersion "1"]
[SourceVersionDate "2014.07.01"]
[SourceQuality "1"]

1. d4 d5 2. Nf3 Nf6 3. c4 c6 4. cxd5 cxd5 5. Nc3 Nc6 6. Bf4 e6 7. e3 Bd6 8. Bxd6 Qxd6 9. Bd3 0-0 10. 0-0 e5 11. dxe5 Nxe5 12. h3 Be6 13. Nb5 Nxf3+ 14. Qxf3 Qe5 15. Nd4 Rac8 16. Rfc1 Ne4 17. Qd1 Rfe8 18. Rxc8 Bxc8 19. Bxe4 dxe4 20. Rc1 Qa5 21. Qc2 h6 22. a3 Qb6 23. Qa4 Rd8 24. Qb5 Qg6 25. Kh2 Qf6 26. Kg1 Qg6 27. Kh2 Qf6 28. Kg1 Qg6 29. Kh2 1/2-1/2

[Event "PHI-ch sf"]
[Site "Manila"]
[Date "2014.??.??"]
[Round "4"]
[White "Aquino, Prince Mark"]
[Black "Danday, Jayson"]
[Result "1-0"]
[WhiteElo "2195"]
[BlackElo "2060"]
[PlyCount "111"]
[EventDate "2014.03.??"]
[EventType "swiss"]
[EventRounds "9"]
[EventCountry "PHI"]
[SourceTitle "EXT 2016"]
[Source "ChessBase"]
[SourceDate "2015.10.08"]
[SourceVersion "1"]
[SourceVersionDate "2015.10.08"]
[SourceQuality "1"]

1. c4 c5 2. Nc3 Nc6 3. g3 g6 4. Bg2 Bg7 5. e4 e6 6. Nge2 a6 7. d3 Nge7 8. Be3 d6 9. Qd2 Nd4 10. 0-0 0-0 11. h3 Rb8 12. Rab1 b5 13. b3 b4 14. Nd1 e5 15. Nxd4 cxd4 16. Bg5 f6 17. Bh6 g5 18. Bxg7 Kxg7 19. f4 gxf4 20. gxf4 Ng6 21. f5 Nf4 22. Kh2 Kh8 23. Bf3 Rg8 24. Nf2 Rb7 25. Rg1 a5 26. Rxg8+ Qxg8 27. Rg1 Qf8 28. Qc1 Bd7 29. a4 Be8 30. Rg4 Rg7 31. Qd1 h5 32. Rxg7 Qxg7 33. h4 Kg8 34. Qg1 Qxg1+ 35. Kxg1 Bxa4 36. bxa4 b3 37. Nd1 Nxd3 38. Be2 Nf4 39. Bf1 Kf7 40. Kf2 Ke7 41. Ke1 Kd7 42. Kd2 Kc6 43. Nb2 Kc5 44. Nd3+ Nxd3 45. Bxd3 Kb4 46. Kc1 Kc3 47. Be2 d3 48. Bxh5 b2+ 49. Kb1 Kd4 50. Bg4 Kxe4 51. Kxb2 Kf4 52. Bh3 e4 53. Kc3 Ke3 54. h5 d2 55. Bg4 Kf4 56. Kxd2 1-0